| 000 | 00535nam a2200181Ia 4500 | ||
|---|---|---|---|
| 008 | 090122s9999 xx 000 0 und d | ||
| 082 | _b12580 | ||
| 100 |
_aकदम _bबाबा |
||
| 245 | _aशेवटचे स्टेशन | ||
| 260 |
_bदिलीपराज _c2007 |
||
| 300 | _a132 | ||
| 501 | _aदिलीपराज प्रकाशन | ||
| 600 | _aकदम | ||
| 630 | _aशेवटचे स्टेशन | ||
| 700 | _aकदम | ||
| 730 | _aशेवटचे स्टेशन | ||
| 942 | _cBOOK | ||
| 999 |
_c36657 _d36657 |
||